000
00225nam a22000857a 4500
008
161108b xxu||||| |||| 00| 0 eng d
100
_9
1091
_a
Gandhi.P.
245
_a
Business Studies
260
_a
New Delhi
_b
Dhanpat publications
_c
2012
999
_c
3753
_d
3753